00424nam a22001337a 4500008004100000040005500041080001700096100001900113245003200132260006400164300001500228500003500243650001200278230502b |||||||| |||| 00| 0 eng d aNational Science LibrarycNational Science Library a535.375 bM9 aKrishnan, R S  aSource book on raman effect aNew Delhi: bPublications & Information Directorate, c1989 axiv, 270p. aVol. 1 (1928-1957); xiv, 270p. aScience